000 00258nam a2200109Ia 4500
008 200302s9999 xx 000 0 und d
100 _aReyner Banham
245 _aDesign by Choice
260 _bAcademy Edition Martins press
260 _c1981
300 _a152 P.,
999 _c772
_d772